Vývoj a stav trhu dôchodkového sporenia bakalárska práca

Guardado en:
Detalles Bibliográficos
Autor principal: Jedináková, Ivana
Autor Corporativo: Fakulta podnikového manažmentu EU. Katedra podnikových financií
Otros Autores: Škriniar, Pavel, 1979-
Formato: Libro
Lenguaje:eslovaco
Publicado: Bratislava 2016
Etiquetas: Agregar Etiqueta
Sin Etiquetas, Sea el primero en etiquetar este registro!

MARC

LEADER 00000nbm a2200000 4500
001 0218262
005 20170308103720.1
041 0 |a slo 
044 |a SK 
245 1 0 |a Vývoj a stav trhu dôchodkového sporenia  |b bakalárska práca  |c Ivana Jedináková ; školiteľ: Pavel Škriniar 
264 1 |a Bratislava  |c 2016 
300 |a 52 s. 
100 1 |a Jedináková, Ivana 
700 1 |a Škriniar, Pavel, 1979- 
710 2 |a Fakulta podnikového manažmentu EU. Katedra podnikových financií